000 00556nam a2200181Ia 4500
008 100315s9999 xx 000 0 und d
082 _b2563 
_a658.15 
100 _a"KUCHHAL, S. C. "
245 _aFINANCIAL MANAGEMENT: AN ANALYTICAL AND CONCEPTUAL APPROACH
260 _c
300 _a"XV,631P  "
365 _eAus.Sch. 
_d
_b0.00 
366 _f
530 _b-  
630 _aFINANCIAL MANAGEMENT: AN ANALYTICAL AND CONCEPTUAL APPROACH
730 _aFINANCIAL MANAGEMENT: AN ANALYTICAL AND CONCEPTUAL APPROACH
942 _cBOOK
999 _c477298
_d477295